000 00580nam a2200193Ia 4500
003 IN-BaIIA
008 211028s9999 xx 000 0 eng d
040 _cIIA Library
080 _a(035)621.396.67
_bJAS
245 0 _aAntenna engineering handbook
_cedited by Hlenry Jasik
260 _aNew York
_bMcGraw-Hill
_c1961
300 _a[various pagings.]
490 _aMcGraw-Hill Handbook
650 _aAntennas
_92176
650 _aHandbooks-Antennas
_93810
650 _aNASA Thesaurus
700 _aJasik, Hlenry, ed.
_93811
942 _cBK
999 _c2019
_d2019